Pokémon Doubly Weak to Electric - Statistics

General Stats
  • This quiz has been taken 37 times
  • The average score is 8 of 8
Answer Stats
Number Types Answer % Correct
0226 Water/Flying Mantine
100%
0458 Water/Flying Mantyke
100%
0580 Water/Flying Ducklett
96%
0130 Water/Flying Gyarados
96%
0279 Water/Flying Pelipper
96%
0581 Water/Flying Swanna
96%
0278 Water/Flying Wingull
96%
0845 Flying/Water Cramorant
93%
No matching quizzes found
Score Distribution
Percent of People with Each Score
Percentile by Number Answered
Your Score History
You have not taken this quiz